| 000 | 00574cam a22002053a 4500 | ||
|---|---|---|---|
| 001 | 42208 | ||
| 003 | PGUSA | ||
| 005 | 20140828083943.0 | ||
| 008 | 130226s2013||||xxu|||||s|||||000 | eng d | ||
| 040 |
_aPGUSA _beng |
||
| 042 | _adc | ||
| 100 | 1 |
_aDewey, John, _d1859-1952 |
|
| 245 | 1 | 0 |
_aGerman philosophy and politics _h[electronic resource] / _cJohn Dewey |
| 260 |
_bProject Gutenberg, _c2013 |
||
| 506 | _aPublic domain in the USA. | ||
| 516 | _aElectronic text | ||
| 830 | 0 |
_aProject Gutenberg _v42208 |
|
| 856 | 4 | 0 | _uhttp://www.gutenberg.org/ebooks/42208 |
| 942 | _cEB | ||
| 999 |
_c271460 _d271460 |
||